Statistical modeling and analysis for database marketing: effective techniques for mining big dat (Record no. 6556)
[ view plain ]
| 000 -LEADER | |
|---|---|
| fixed length control field | 00528 a2200145 4500 |
| 020 ## - INTERNATIONAL STANDARD BOOK NUMBER | |
| International Standard Book Number | 1574443445 |
| 040 ## - CATALOGING SOURCE | |
| Original cataloging agency | DLC |
| Language of cataloging | DLC |
| 082 00 - DEWEY DECIMAL CLASSIFICATION NUMBER | |
| Classification number | 005.74 |
| 100 1# - MAIN ENTRY--PERSONAL NAME | |
| Personal name | Ratner, Bruce. |
| 245 10 - TITLE STATEMENT | |
| Title | Statistical modeling and analysis for database marketing: effective techniques for mining big dat |
| Remainder of title | effective techniques for mining big data |
| Statement of responsibility, etc. | Bruce Ratner |
| 260 ## - PUBLICATION, DISTRIBUTION, ETC. | |
| Place of publication, distribution, etc. | Boca Raton, Fla. : |
| Name of publisher, distributor, etc. | Chapman & Hall/CRC, |
| Date of publication, distribution, etc. | c2003. |
| 300 ## - PHYSICAL DESCRIPTION | |
| Extent | 362 p. : |
| Other physical details | ill. ; |
| Dimensions | 25 cm. |
| 650 #0 - SUBJECT ADDED ENTRY--TOPICAL TERM | |
| Topical term or geographic name entry element | Database marketing |
| General subdivision | Statistical methods. |
| 942 ## - ADDED ENTRY ELEMENTS (KOHA) | |
| Koha item type | Book |
| Call number prefix | 005.74 RAT |
| Source of classification or shelving scheme | |
| Withdrawn status | Lost status | Damaged status | Not for loan | Collection code | Permanent Location | Current Location | Shelving location | Date acquired | Source of acquisition | Cost, normal purchase price | Total Checkouts | Total Renewals | Full call number | Barcode | Date last seen | Date last checked out | Price effective from | Koha item type |
|---|---|---|---|---|---|---|---|---|---|---|---|---|---|---|---|---|---|---|
| Central Library (CL) | Central Library (CL) | First Floor - Databases | 09/18/2007 | A & J Def Tek Concultants | 5449.23 | 1 | 1 | 005.74 RAT | SEECS008602 | 04/28/2015 | 01/20/2014 | 01/05/2017 | Book |
